Fifty years of botany (Record no. 19626)

MARC details
000 -LEADER
fixed length control field 00551nam a2200229Ia 4500
082 ## - DEWEY DECIMAL CLASSIFICATION NUMBER
Classification number 581
Item number STE
245 #0 - TITLE STATEMENT
Title Fifty years of botany
260 ## - PUBLICATION, DISTRIBUTION, ETC. (IMPRINT)
Place of publication New York
Name of publisher McGraw-Hill
Year of publication 1958
650 ## - SUBJECT ADDED ENTRY--TOPICAL TERM
Topical Term Botanic gardens
650 ## - SUBJECT ADDED ENTRY--TOPICAL TERM
Topical Term Cytology
650 ## - SUBJECT ADDED ENTRY--TOPICAL TERM
Topical Term Hormone
650 ## - SUBJECT ADDED ENTRY--TOPICAL TERM
Topical Term Microbes
650 ## - SUBJECT ADDED ENTRY--TOPICAL TERM
Topical Term Mycology
650 ## - SUBJECT ADDED ENTRY--TOPICAL TERM
Topical Term Phycology
650 ## - SUBJECT ADDED ENTRY--TOPICAL TERM
Topical Term Plant diseases
650 ## - SUBJECT ADDED ENTRY--TOPICAL TERM
Topical Term Plant nutrition
650 ## - SUBJECT ADDED ENTRY--TOPICAL TERM
Topical Term Polyploidy
650 ## - SUBJECT ADDED ENTRY--TOPICAL TERM
Topical Term Weed control
700 ## - ADDED ENTRY--PERSONAL NAME
Personal name STEERE, William Camphell
942 ## - ADDED ENTRY ELEMENTS (KOHA)
Koha item type Books
Holdings
Withdrawn status Lost status Damaged status Not for loan Home library Current library Date acquired Full call number Accession Number Koha item type
        RRII Library RRII Library 16/12/2021 581 STE 00359 Books